Democracy and the criminal justice system
| Main Author: | |
|---|---|
| Format: | Print Review |
| Language: | English |
| Check availability: | HBZ Gateway |
| Interlibrary Loan: | Interlibrary Loan for the Fachinformationsdienste (Specialized Information Services in Germany) |
| Published: |
2015
|
| In: |
Political theology
Year: 2015, Volume: 16, Issue: 3, Pages: 273-278 |
| Standardized Subjects / Keyword chains: | B
USA
/ Criminal justice
/ Injustice
/ Local government
/ Democracy
|
| IxTheo Classification: | CG Christianity and Politics KBQ North America NCA Ethics XA Law |
| Further subjects: | B
Book review
|
MARC
| LEADER | 00000caa a2200000 c 4500 | ||
|---|---|---|---|
| 001 | 1504220293 | ||
| 003 | DE-627 | ||
| 005 | 20220614101442.0 | ||
| 007 | tu | ||
| 008 | 150625s2015 xx ||||| o 00| ||eng c | ||
| 035 | |a (DE-627)1504220293 | ||
| 035 | |a (DE-576)434220299 | ||
| 035 | |a (DE-599)BSZ434220299 | ||
| 040 | |a DE-627 |b ger |c DE-627 |e rakwb | ||
| 041 | |a eng | ||
| 084 | |a 1 |2 ssgn | ||
| 100 | 1 | |0 (DE-588)141719966 |0 (DE-627)63083962X |0 (DE-576)252474325 |4 aut |a Bretherton, Luke |d 1968- | |
| 109 | |a Bretherton, Luke 1968- | ||
| 245 | 1 | 0 | |a Democracy and the criminal justice system |c Luke Bretherton |
| 246 | 3 | 0 | |a US criminal justice roundtable |
| 264 | 1 | |c 2015 | |
| 336 | |a Text |b txt |2 rdacontent | ||
| 337 | |a ohne Hilfsmittel zu benutzen |b n |2 rdamedia | ||
| 338 | |a Band |b nc |2 rdacarrier | ||
| 500 | |a Thema: US criminal justice roundtable | ||
| 652 | |a CG:KBQ:NCA:XA | ||
| 655 | 7 | |a Rezension |0 (DE-588)4049712-4 |0 (DE-627)106186019 |0 (DE-576)209083166 |2 gnd-content | |
| 689 | 0 | 0 | |d g |0 (DE-588)4078704-7 |0 (DE-627)106076612 |0 (DE-576)209209682 |2 gnd |a USA |
| 689 | 0 | 1 | |d s |0 (DE-588)4057789-2 |0 (DE-627)106149466 |0 (DE-576)209123729 |2 gnd |a Strafgerichtsbarkeit |
| 689 | 0 | 2 | |d s |0 (DE-588)4061729-4 |0 (DE-627)106134701 |0 (DE-576)209140984 |2 gnd |a Ungerechtigkeit |
| 689 | 0 | 3 | |d s |0 (DE-588)4036269-3 |0 (DE-627)104814373 |0 (DE-576)209017430 |2 gnd |a Lokale Machtstruktur |
| 689 | 0 | 4 | |d s |0 (DE-588)4011413-2 |0 (DE-627)106352873 |0 (DE-576)208893415 |2 gnd |a Demokratie |
| 689 | 0 | |5 (DE-627) | |
| 773 | 0 | 8 | |i In |t Political theology |d Abingdon : Routledge, Taylor and Francis Group, 2001 |g 16(2015), 3, Seite 273-278 |w (DE-627)347042090 |w (DE-600)2078500-8 |w (DE-576)098784013 |x 1462-317X |7 nnas |
| 773 | 1 | 8 | |g volume:16 |g year:2015 |g number:3 |g pages:273-278 |
| 776 | 1 | |o 10.1179/1462317X15Z.000000000138 | |
| 951 | |a AR | ||
| ELC | |b 1 | ||
| ITA | |a 1 |t 1 | ||
| LOK | |0 000 xxxxxcx a22 zn 4500 | ||
| LOK | |0 001 2847052364 | ||
| LOK | |0 003 DE-627 | ||
| LOK | |0 004 1504220293 | ||
| LOK | |0 005 20150625114003 | ||
| LOK | |0 008 150625||||||||||||||||ger||||||| | ||
| LOK | |0 040 |a DE-Tue135 |c DE-627 |d DE-Tue135 | ||
| LOK | |0 092 |o n | ||
| LOK | |0 852 |a DE-Tue135 | ||
| LOK | |0 852 1 |9 00 | ||
| LOK | |0 935 |a ixrz | ||
| LOK | |0 936ln |0 1442049227 |a KBQ | ||
| LOK | |0 936ln |0 1442053798 |a XA | ||
| LOK | |0 936ln |0 1442052465 |a NCA | ||
| LOK | |0 936ln |0 1442043911 |a CG | ||
| LOK | |0 939 |a 25-06-15 |b l01 | ||
| ORI | |a SA-MARC-ixtheoa001.raw | ||
| REL | |a 1 | ||
| STA | 0 | 0 | |a Criminal justice,Criminal court,Democracy,Democracy,Injustice,Injustice,Social injustice,Local government,USA,USA,Middle West,USA,USA,USA,USA,USA,America,Confederate States of America,Midwest |
| STB | 0 | 0 | |a Démocratie,Démocratie,Injustice,Injustice,Juridiction pénale,Structure de pouvoir local |
| STC | 0 | 0 | |a Democracia,Democracia,Estructura de poder local,Injusticia,Injusticia,Jurisdicción penal |
| STD | 0 | 0 | |a Democrazia,Democrazia,Giurisdizione penale,Ingiustizia,Ingiustizia,Struttura di potere locale |
| STE | 0 | 0 | |a 不公正,不公正,非正义,非正义,刑事司法,刑事裁判权,民主,民主,民主主义,民主制度,民主主义,民主制度 |
| STF | 0 | 0 | |a 不公正,不公正,非正義,非正義,刑事司法,刑事裁判權,民主,民主,民主主義,民主制度,民主主義,民主制度 |
| STG | 0 | 0 | |a Democracia,Democracia,Estrutura de poder local,Injustiça,Injustiça,Jurisdição penal |
| STH | 0 | 0 | |a Демократия (мотив),Демократия,Несправедливость (мотив),Несправедливость,Подсудность уголовных судов,Структура местной власти |
| STI | 0 | 0 | |a Αδικία (μοτίβο),Αδικία,Δημοκρατία (μοτίβο),Δημοκρατία,Ποινική δικαιοδοσία,Τοπική δομή εξουσίας |
| SUB | |a REL | ||
| SYG | 0 | 0 | |a United States,United States of America,Vereinigte Staaten,Vereinigte Staaten von Amerika , United States of America,Vereinigte Staaten von Amerika,Amerika <USA>,United States of America,Vereinigte Staaten von Amerika,Amerika <USA>,USA,USA,Nord,Nördliche Vereinigte Staaten,Nordwestamerika,USA,Nordwest,Pazifischer Nordwesten,Mittlerer Westen,USA,Middle West,Mittelwesten,Midwest,USA,Nordost,Nordöstliche Vereinigte Staaten,USA,Südost,Südöstliche Vereinigte Staaten,USA,Ost,Östliche Vereinigte Staaten,Südwestliche USA,USA,Südweststaaten,Südwestliche Vereinigte Staaten,USA,Südwest,USA,West,Westliche Vereinigte Staaten,Nordamerikanische Südstaaten,Konföderierte Staaten von Amerika,Confederate States of America,Südliche Vereinigte Staaten,Südatlantische Staaten,Südöstliche Staaten,United States of America,Vereinigte Staaten von Amerika,Nordamerika,Amerika,United States,United States of America,Etats Unis,Etats-Unis,Vereinigte Staaten,Estados Unidos de America,EEUU,Vereinigte Staaten von Nordamerika,Soedinennye Štaty Ameriki,SŠA,Stany Zjednoczone Ameryki Północnej,Hēnōmenai Politeiai tēs Boreiu Amerikēs,Hēnōmenes Politeies tēs Amerikēs,HēPA,Ēnōmenes Politeies tēs Amerikēs,ĒPA,Meiguo,Etats-Unis d'Amérique,US , Soziale Ungerechtigkeit , Gemeinde,Kommunale Machtstruktur , Volksherrschaft,Demokratischer Staat |